Mario Kart Tracks by the Last Turn #2 - Statistics

General Stats
  • This quiz has been taken 17 times
  • The average score is 13 of 16
Answer Stats
Picture Answer % Correct
Coconut Mall
100%
Koopa Cape
100%
Ghost Valley 3
93%
Boo Lake
86%
Daisy Hills
86%
DK Jungle
86%
Mario Circuit 2
86%
Wario Stadium
86%
Yoshi Circuit
86%
Shy Guy Beach
79%
Mario Raceway
71%
Waluigi Pinball
71%
Kalimari Desert
64%
Piranha Plant Slide
64%
Royal Raceway
57%
Yoshi Valley
43%
No matching quizzes found
Score Distribution
Percent of People with Each Score
Percentile by Number Answered
Your Score History
You have not taken this quiz